[Event "AUTO-OPEN-3560"]
[Site "http://www.queenalice.com/game.php?id=1390406"]
[Date "2015.10.22"]
[Round "1"]
[White "vivafischer"]
[Black "tiagotrevo"]
[Result "1-0"]
[WhiteElo "2301"]
[BlackElo "1364"]

1. e4 e5 2. Nf3 d6 3. Bc4 Nf6 4. Ng5 d5 5. exd5 Nxd5 6. Nxf7 Kxf7 7. Qf3+ Ke8 8.
Bxd5 Qd7 9. Nc3 c6 10. Bb3 Na6 11. Qh5+ g6 12. Qxe5+ Qe7 13. Qxe7+ Bxe7 14. O-O
b5 15. d3 h6 16. Bd2 g5 17. Rae1 b4 18. Ne4 Rf8 19. Bc4 Bb7 20. Nd6+ Kd7 21.
Nxb7 Bf6 22. Bxa6 Bxb2 23. Bxb4 Rf4 24. Re7+ Kc8 25. Bd6 Ra4 26. Na5+ Kd8 27.
Nxc6# 1-0

[Event "AUTO-OPEN-3560"]
[Site "http://www.queenalice.com/game.php?id=1390407"]
[Date "2015.10.22"]
[Round "1"]
[White "tiagotrevo"]
[Black "vivafischer"]
[Result "0-1"]
[WhiteElo "1318"]
[BlackElo "2317"]

1. e4 e6 2. a3 d5 3. Nc3 Nf6 4. exd5 exd5 5. Qe2+ Be7 6. d4 Nc6 7. g4 Bxg4 8.
Qb5 O-O 9. Qxb7 Na5 10. h3 Nxb7 11. hxg4 Re8 12. g5 Bb4+ 13. Be3 Bxc3+ 14. bxc3
Ng4 15. g6 fxg6 16. Rb1 Nd6 17. Be2 Nxe3 18. fxe3 Qg5 19. Rh3 Qxg1+ 20. Kd2 Qxb1
21. Bf3 Nc4+ 22. Kd3 Rxe3# 0-1

[Event "AUTO-OPEN-3560"]
[Site "http://www.queenalice.com/game.php?id=1390427"]
[Date "2015.10.22"]
[Round "1"]
[White "HELDER"]
[Black "tiagotrevo"]
[Result "1-0"]
[WhiteElo "1706"]
[BlackElo "1320"]

1. e4 e5 2. Nf3 d6 3. d4 c5 4. Bg5 f6 5. Bh4 g5 6. Bg3 Qb6 7. dxe5 Qxb2 8. Nbd2
fxe5 9. Rb1 Qxa2 10. Nxg5 h5 11. Qf3 Be6 12. Rxb7 Be7 13. Bb5+ Kd8 14. Bh4 Qa1+
15. Qd1 Qxd1+ 16. Kxd1 Bxg5 17. Nc4 Bxh4 18. Kc1 Bxf2 19. Rd1 d5 20. exd5 Bc8
21. Rf7 a6 22. Ba4 Rh6 23. d6 Nf6 24. Nxe5 Be3+ 25. Kb1 Be6 26. Rf8+ Ne8 27.
Rxe8# 1-0

[Event "AUTO-INT-3068"]
[Site "http://www.queenalice.com/game.php?id=1390816"]
[Date "2015.10.25"]
[Round "1"]
[White "juliobraga"]
[Black "tiagotrevo"]
[Result "1-0"]
[WhiteElo "1821"]
[BlackElo "1423"]

1. e4 e5 2. Nf3 h5 3. Bc4 d5 4. exd5 Bg4 5. h3 Bxf3 6. Qxf3 Rh6 7. O-O Rf6 8.
Qxh5 c6 9. dxc6 bxc6 10. Qxe5+ Re6 11. Bxe6 fxe6 12. Qxe6+ Ne7 13. Re1 Qd7 14.
Qxd7+ Nxd7 15. d4 g6 16. Bg5 Rb8 17. Bxe7 Bxe7 18. b3 Rb4 19. c3 Rb5 20. c4 Rf5
21. Nc3 Rf4 22. d5 cxd5 23. Nxd5 Rf7 24. Nxe7 Rxe7 25. Rxe7+ Kxe7 26. Re1+ Kd6
27. f4 Nc5 28. g4 Nd3 29. Rd1 Ke6 30. Rxd3 Kf6 31. c5 g5 32. Rd6+ Ke7 33. fxg5
Kf7 34. c6 Ke7 35. Rh6 Kd8 36. g6 Kc7 37. g7 Kb6 38. g8=Q a6 39. c7+ Kxc7 40.
Qg7+ Kb8 41. Rh8# 1-0

[Event "AUTO-INT-3068"]
[Site "http://www.queenalice.com/game.php?id=1390817"]
[Date "2015.10.25"]
[Round "1"]
[White "tiagotrevo"]
[Black "juliobraga"]
[Result "0-1"]
[WhiteElo "1421"]
[BlackElo "1814"]

1. e4 e5 2. h4 d5 3. Nf3 Nc6 4. exd5 Qxd5 5. c4 Qe6 6. Ng5 Qg6 7. f4 exf4 8.
Qe2+ Be7 9. Ne4 Nd4 10. Qd3 Bf6 11. h5 Qg4 12. Nbc3 Bh4+ 13. Rxh4 Qxh4+ 14. Nf2
Nc6 15. Qe4+ Be6 16. g4 Nf6 17. Qxf4 O-O-O 18. Nb5 Rd7 19. Bh3 Bxc4 20. Qxc4
Re8+ 21. Kf1 Kb8 22. d3 a6 23. Nc3 Rde7 24. Bf4 Ne5 25. Bxe5 Rxe5 26. Nce4 Nxe4
27. dxe4 Qe7 28. Re1 Rc5 29. Qb4 Rb5 30. Qxe7 Rxe7 31. Rd1 Rxb2 32. Rd8+ Ka7 33.
a3 Ra2 34. Ke1 Rxa3 35. Rg8 g6 36. h6 Ra1+ 37. Ke2 Ra2+ 38. Kf1 Rd7 39. Rh8 f6
40. g5 Rdd2 41. gxf6 Rxf2+ 0-1

[Event "AUTO-INT-3068"]
[Site "http://www.queenalice.com/game.php?id=1390832"]
[Date "2015.10.25"]
[Round "1"]
[White "tiagotrevo"]
[Black "Ruckus"]
[Result "0-1"]
[WhiteElo "1435"]
[BlackElo "1527"]

1. e4 c5 2. g3 Nc6 3. b3 Nf6 4. Qe2 d5 5. e5 Ng4 6. f3 Ngxe5 7. Qb5 e6 8. f4 Nd7
9. Nc3 Be7 10. Nf3 Bf6 11. h4 b6 12. Qxc6 Rb8 13. Rh2 b5 14. Bxb5 O-O 15. Ba6
Bxc3 16. dxc3 Qa5 17. b4 cxb4 18. Bxc8 Rbxc8 19. cxb4 Qxb4+ 20. c3 Qe4+ 21. Re2
Qxf3 22. Qxd7 Qxc3+ 23. Bd2 Qxa1+ 24. Kf2 Qd4+ 25. Be3 Qd1 26. h5 Rc2 27. Rxc2
Qxc2+ 28. Kf3 a5 29. h6 g6 30. a3 Qd1+ 31. Kf2 Qh5 32. f5 Qxf5+ 33. Ke2 Qh5+ 34.
Kf2 g5 35. Qe7 Rc8 36. Qxg5+ Qxg5 37. Bxg5 Rc2+ 38. Ke3 a4 39. Kd3 Ra2 40. Kd4
Rxa3 41. Bf4 Ra1 42. g4 a3 43. Kc5 Rb1 44. g5 a2 45. Be5 a1=Q 46. Bxa1 Rxa1 47.
Kd6 d4 48. Ke7 d3 49. Kf6 d2 50. g6 fxg6 51. Kg5 d1=Q 52. Kf6 Ra6 53. Ke5 Qd5+
54. Kf6 Qf5+ 55. Ke7 Qf7+ 56. Kd8 Ra8# 0-1

[Event "AUTO-INT-3068"]
[Site "http://www.queenalice.com/game.php?id=1390833"]
[Date "2015.10.25"]
[Round "1"]
[White "Ruckus"]
[Black "tiagotrevo"]
[Result "1-0"]
[WhiteElo "1477"]
[BlackElo "1345"]

1. d4 e6 2. e4 h6 3. Nc3 d5 4. Nf3 dxe4 5. Ne5 f6 6. Qh5+ Ke7 7. Ng6+ Kd7 8.
Nxh8 Bb4 9. Qb5+ c6 10. Qxb4 Ne7 11. Nf7 Qc7 12. g3 Nd5 13. Nxd5 exd5 14. Qf8
Ke6 15. Bh3+ f5 16. Ne5 Qa5+ 17. c3 Nd7 18. Bxf5# 1-0

[Event "AUTO-INT-3068"]
[Site "http://www.queenalice.com/game.php?id=1390834"]
[Date "2015.10.25"]
[Round "1"]
[White "tiagotrevo"]
[Black "salvachess"]
[Result "1-0"]
[WhiteElo "1316"]
[BlackElo "1633"]

1. e4 e5 2. h4 Be7 3. a3 Nf6 4. d3 Nc6 5. g4 d6 6. g5 Nd7 7. Nf3 O-O 8. h5 f6 9.
g6 hxg6 10. hxg6 Qe8 11. Rg1 Nc5 12. b4 Nd7 13. Nh4 Nd4 14. Qh5 Nxc2+ 15. Kd1
Nxa1 16. Qh7# 1-0

[Event "AUTO-INT-3068"]
[Site "http://www.queenalice.com/game.php?id=1390835"]
[Date "2015.10.25"]
[Round "1"]
[White "salvachess"]
[Black "tiagotrevo"]
[Result "0-1"]
[WhiteElo "1617"]
[BlackElo "1411"]

1. e4 e5 2. Nf3 d6 3. Nc3 a6 4. Bd3 b5 5. O-O Bg4 6. h3 Bxf3 7. Qxf3 h5 8. b4 d5
9. exd5 Bxb4 10. Bb2 Bxc3 11. Bxc3 f6 12. Bg6+ Kf8 13. Bxe5 Rh6 14. Qf5 Rxg6 15.
Qxg6 fxe5 16. Qe6 c6 17. Qf5+ Nf6 18. Qxe5 cxd5 19. d4 Nbd7 20. Qd6+ Kf7 21.
Rae1 Rc8 22. Qxa6 Rxc2 23. Rb1 Qc7 24. Rxb5 Rc1 25. Rb7 Rxf1+ 26. Kxf1 Qc1+ 27.
Ke2 Qc2+ 28. Kf3 Qe4+ 29. Kg3 g5 30. Kh2 Qf4+ 31. g3 Qxf2+ 32. Kh1 Qf3+ 33. Kh2
h4 34. gxh4 g4 35. Rxd7+ Nxd7 36. hxg4 Qf2+ 37. Kh3 Qxd4 38. Qd6 Ne5 39. Qc7+
Ke6 40. Qc8+ Kd6 41. h5 Qe3+ 42. Kh4 Nf3+ 43. Kh3 Ng1+ 44. Kh4 Nf3+ 45. Kg3 Ng1+
46. Kh4 Nf3+ 47. Kg3 Ng5+ 48. Kg2 Qh3+ 49. Kf2 Qf3+ 50. Ke1 Qh1+ 51. Kd2 Nf3+
52. Kc3 Qc1+ 0-1

[Event "Challenge"]
[Site "http://www.queenalice.com/game.php?id=1397135"]
[Date "2015.12.3"]
[Round "-"]
[White "tiagotrevo"]
[Black "joaobatista"]
[Result "0-1"]
[WhiteElo "1419"]
[BlackElo "1646"]

1. e4 e5 2. Bc4 Nc6 3. Qf3 Nf6 4. b3 Nd4 5. Qd3 a6 6. c3 Nc6 7. Ba3 d6 8. h3 Be7
9. Nf3 h6 10. b4 Na7 11. b5 axb5 12. Bxb5+ c6 13. Bc4 b5 14. Bb3 O-O 15. c4 Qb6
16. Bb4 c5 17. Bc3 b4 18. Bb2 Nc6 19. a3 Bb7 20. a4 Nh5 21. a5 Nxa5 22. Rxa5
Rxa5 23. O-O Nf4 24. Qe3 Bc8 25. Bxe5 dxe5 26. Nxe5 Qf6 27. Ng4 Qg5 28. d4 cxd4
29. Qxd4 Ne2+ 30. Kh2 Nxd4 31. Nd2 Qxd2 32. Bd1 h5 33. Ne3 Qd3 34. Bxh5 Qxe4 35.
Bf3 Nxf3+ 36. Kh1 Nh4 37. Re1 Bc5 38. Kg1 Bxe3 39. Rxe3 Qxg2# 0-1

[Event "Challenge"]
[Site "http://www.queenalice.com/game.php?id=1406877"]
[Date "2016.1.30"]
[Round "-"]
[White "mysticchess"]
[Black "tiagotrevo"]
[Result "1-0"]
[WhiteElo "1722"]
[BlackElo "1412"]

1. e4 e5 2. d3 h5 3. c3 a5 4. Nf3 d6 5. h3 a4 6. Nbd2 d5 7. Nxe5 Bc5 8. d4 Bd6
9. Be2 Bxe5 10. dxe5 dxe4 11. Qc2 Qd5 12. Nc4 e3 13. Bxe3 1-0

[Event "Challenge"]
[Site "http://www.queenalice.com/game.php?id=1411656"]
[Date "2016.3.2"]
[Round "-"]
[White "tiagotrevo"]
[Black "joaobatista"]
[Result "0-1"]
[WhiteElo "1393"]
[BlackElo "1661"]

1. e4 Nc6 2. Nc3 e6 3. f4 d5 4. exd5 exd5 5. Qe2+ Nge7 6. b3 a6 7. Ba3 Be6 8.
Nf3 Qd7 9. Ne5 Nxe5 10. fxe5 c6 11. Bxe7 Bxe7 12. Qf2 h6 13. Bd3 Qd8 14. Qg3 g5
15. O-O d4 16. Ne4 c5 17. Nf6+ Bxf6 18. exf6 Qb8 19. Bf5 Qxg3 20. hxg3 Bd5 21.
Rae1+ Kf8 22. c4 Be6 23. a4 b5 24. axb5 axb5 25. Be4 Rb8 26. d3 bxc4 0-1

[Event "Challenge"]
[Site "http://www.queenalice.com/game.php?id=1413901"]
[Date "2016.3.17"]
[Round "-"]
[White "jbugg"]
[Black "tiagotrevo"]
[Result "1-0"]
[WhiteElo "1427"]
[BlackElo "1408"]

1. e4 e5 2. Nf3 Qe7 3. Bc4 h6 4. O-O d5 5. Bxd5 Nf6 6. Nc3 Bg4 7. Bxb7 Bxf3 8.
Bxa8 Bxd1 9. Rxd1 c6 10. d4 Qc7 11. dxe5 Qxe5 12. Be3 Ng4 13. Kf1 Qb5+ 14. Nxb5
cxb5 15. Bxa7 Nxh2+ 16. Ke2 Na6 17. Bc6+ Ke7 18. Rd7+ Ke6 19. Rad1 Nb4 20. Bd5+
Kxd7 21. Bxf7+ Kc6 22. c3 Nc2 23. Bd5+ Kd6 24. Bb8+ Kd7 25. Bxh2 Bc5 26. Bb3+
Nd4+ 27. cxd4 Bd6 28. Bxd6 Kxd6 29. e5+ Kc6 30. d5+ Kc5 31. d6 Re8 32. e6 Rf8
33. e7 Rf5 34. e8=Q 1-0

[Event "Challenge"]
[Site "http://www.queenalice.com/game.php?id=1438066"]
[Date "2016.8.27"]
[Round "-"]
[White "recchdegomm1"]
[Black "tiagotrevo"]
[Result "1-0"]
[WhiteElo "1245"]
[BlackElo "1379"]

1. e4 e5 2. Nf3 d6 3. Bc4 Be6 4. Bb5+ c6 5. Ba4 b5 6. Bb3 d5 7. Qe2 Nf6 8. d4
dxe4 9. dxe5 exf3 10. Qxf3 Bb4+ 11. c3 Bg4 12. Qe3 Nd5 13. Qe4 f5 14. Qd3 O-O
15. O-O Qe7 16. Re1 Nd7 17. e6 Nc5 18. Qd4 Nxe6 19. Qe5 Bd6 20. Qxe6+ Qxe6 21.
Rxe6 Rfe8 22. Bxd5 cxd5 23. Be3 Rxe6 24. Na3 b4 25. cxb4 Bxb4 26. Nb5 Rd8 27. a3
f4 28. Bxa7 Re1+ 29. Rxe1 Bxe1 30. f3 Bf5 31. Nd4 Ra8 32. Nc6 Bd7 33. Ne7+ Kf7
34. Bc5 Rc8 35. b4 Ra8 36. Kf1 Bc3 37. Nxd5 Bb5+ 38. Kf2 Bd2 39. g4 Rxa3 40. Nc7
Bc6 41. Ke2 Bc3 42. b5 Bd7 43. Bxa3 1-0

[Event "Challenge"]
[Site "http://www.queenalice.com/game.php?id=1446365"]
[Date "2016.10.19"]
[Round "-"]
[White "tiagotrevo"]
[Black "Scaracioli"]
[Result "0-1"]
[WhiteElo "1382"]
[BlackElo "1559"]

1. e3 e5 2. h4 h5 3. Be2 Nf6 4. b3 e4 5. Bb2 Be7 6. Bxf6 Bxf6 7. Bxh5 g6 8. Bg4
Bxa1 9. c3 b5 10. Na3 b4 11. Nc4 Bxc3 12. dxc3 f5 13. Bh3 bxc3 14. Ne2 d6 15.
Nxc3 Rxh4 16. Qd5 Nd7 17. Qxa8 a6 18. Qd5 Qe7 19. Qg8+ Nf8 20. g3 Rh6 21. Bg2
Rxh1+ 22. Bxh1 Be6 23. Nd5 Bxg8 24. Nxe7 Kxe7 25. Nd2 c5 26. a4 a5 27. Kd1 Nd7
28. Kc2 d5 29. Kc3 Ne5 30. f4 Nd3 31. Bg2 Be6 32. Bf1 c4 33. b4 axb4+ 34. Kd4 c3
35. Nb3 Kd6 36. a5 c2 37. Bxd3 exd3 38. Kxd3 d4 39. Nxd4 c1=Q 40. a6 Qc4+ 41.
Kd2 Qxa6 42. Kc2 Qc4+ 43. Kd2 Bd5 44. g4 fxg4 45. f5 Qc3+ 46. Ke2 Bc4+ 47. Kf2
Qb2+ 48. Kg3 Qc3 49. Kf4 g3 50. fxg6 g2 51. g7 Qxd4+ 52. exd4 g1=Q 53. g8=Q Qxg8
54. Ke4 Bd5+ 55. Kd3 Qg3+ 56. Kc2 b3+ 57. Kb2 Qf2+ 58. Ka3 Qa2+ 59. Kb4 b2 0-1

[Event "Challenge"]
[Site "http://www.queenalice.com/game.php?id=1446366"]
[Date "2016.10.19"]
[Round "-"]
[White "tiagotrevo"]
[Black "Sonia"]
[Result "0-1"]
[WhiteElo "1385"]
[BlackElo "1700"]

1. e3 e5 2. h4 h5 3. Be2 Nf6 4. b3 Be7 5. Ba3 c5 6. d4 exd4 7. exd4 b6 8. Bf3
Nc6 9. d5 Nd4 10. d6 Rb8 11. dxe7 Qxe7+ 12. Be2 Bb7 13. c3 Nf5 14. Rh3 Bxg2 15.
Rd3 Bc6 16. b4 Bb5 17. Re3 Nxe3 18. fxe3 Qxe3 19. Nf3 Bc6 20. Bc1 Qe7 21. Ng5
Ng4 22. Qb3 d5 23. b5 Ba8 24. Bf4 Rd8 25. Nd2 O-O 26. c4 d4 27. Nde4 Bxe4 28.
Nxe4 Qxe4 29. Qd3 Qh1+ 30. Bf1 Rfe8+ 31. Be3 Nxe3 32. Rd1 Qxh4+ 33. Kd2 Qf2+ 34.
Be2 Nxd1 35. Kxd1 Re3 36. Bxh5 Re1# 0-1

[Event "Challenge"]
[Site "http://www.queenalice.com/game.php?id=1446367"]
[Date "2016.10.19"]
[Round "-"]
[White "tiagotrevo"]
[Black "nuage"]
[Result "0-1"]
[WhiteElo "1373"]
[BlackElo "1848"]

1. e4 e5 2. h4 Nf6 3. Nf3 Nxe4 4. Qe2 d5 5. Nxe5 c6 6. f3 Nc5 7. b4 Ne6 8. Ba3
Nd4 9. Qd3 Nf5 10. b5 Ng3 11. Bxf8 Nxh1 12. Bxg7 Qxh4+ 13. Kd1 Nf2+ 14. Ke2 Nxd3
15. cxd3 Rg8 16. g3 Qxg3 17. Bf6 Qh2+ 18. Ke3 Qg1+ 19. Ke2 d4 20. Bh4 Qe3+ 21.
dxe3 dxe3 22. Kxe3 cxb5 23. d4 Na6 24. Bxb5+ Kf8 25. Na3 Nb4 26. Bc4 Be6 27. d5
Bxd5 28. Kd4 Be6 29. Nb5 Nc2+ 30. Kd3 Nxa1 31. Nc7 Bf5+ 32. Kd4 Nc2+ 33. Kd5
Rd8+ 34. Kc5 b6+ 35. Kb5 Rd4 36. Bg5 Rxg5 37. Bxf7 Bd7+ 38. Ka6 Ra4+ 39. Kb7
Rxe5 40. Bb3 Raa5 41. Bxc2 Rec5 42. Bxh7 Bc6+ 43. Kc8 Bxf3 44. Bd3 Rc3 45. Bf5
Rxf5 46. a3 Rfc5 47. a4 Bg4+ 48. Kb7 Rxc7+ 49. Ka6 Be2# 0-1